<?xml version="1.0" encoding="UTF-8"?>
<marc:record xmlns:marc="http://www.loc.gov/MARC21/slim">
   <marc:leader>00000nam a2200000 a 4500</marc:leader>
   <marc:datafield ind1="1" ind2=" " tag="100">
      <marc:subfield code="a">Cavanagh, Steve</marc:subfield>
      <marc:subfield code="4">aut</marc:subfield>
      <marc:subfield code="e">Verfasser/-in</marc:subfield>
   </marc:datafield>
   <marc:datafield ind1=" " ind2=" " tag="653">
      <marc:subfield code="a">Krimis, Thriller, Spionage</marc:subfield>
   </marc:datafield>
   <marc:datafield ind1=" " ind2=" " tag="653">
      <marc:subfield code="a">USA / Thriller</marc:subfield>
   </marc:datafield>
   <marc:datafield ind1=" " ind2=" " tag="653">
      <marc:subfield code="a">Psychothriller</marc:subfield>
   </marc:datafield>
   <marc:datafield ind1="0" ind2="0" tag="245">
      <marc:subfield code="a">Thirteen</marc:subfield>
   </marc:datafield>
   <marc:datafield ind1="0" ind2="0" tag="245">
      <marc:subfield code="b">Thriller</marc:subfield>
   </marc:datafield>
   <marc:datafield ind1="0" ind2="0" tag="245">
      <marc:subfield code="c">Cavanagh, Steve</marc:subfield>
   </marc:datafield>
   <marc:datafield ind1=" " ind2="1" tag="264">
      <marc:subfield code="a">München</marc:subfield>
      <marc:subfield code="b">Goldmann</marc:subfield>
      <marc:subfield code="c">2022</marc:subfield>
   </marc:datafield>
   <marc:datafield ind1="1" ind2=" " tag="490">
      <marc:subfield code="a">Eddie Flynn</marc:subfield>
      <marc:subfield code="v">Bd. 04</marc:subfield>
   </marc:datafield>
   <marc:datafield ind1=" " ind2=" " tag="250">
      <marc:subfield code="a">Deutsche Erstveröffentlichung</marc:subfield>
   </marc:datafield>
   <marc:datafield ind1="1" ind2=" " tag="520">
      <marc:subfield code="a">Die sensationellste Thriller-Entdeckung des Jahres: »Dieser Autor setzt neue Maßstäbe.« Lee Child&#xD;
&#xD;
Es ist Amerikas spektakulärster Mordfall. Doch der Killer steht nicht vor Gericht. Er sitzt in der Jury. &#xD;
Der New Yorker Strafverteidiger Eddie Flynn soll Amerikas prominentesten Mordverdächtigen vor Gericht vertreten: Robert »Bobby« Solomon – jung, attraktiv und der Liebling von ganz Hollywood. Eddies Klienten zählen normalerweise nicht zu den Reichen und Schönen. Aber wenn er von der Unschuld eines Angeklagten überzeugt ist, tut Eddie alles, um ihn freizubekommen. Und er glaubt Bobby, dass dieser nichts mit dem Mord an seiner Frau und deren Liebhaber zu tun zu hat, obwohl alle Beweise gegen ihn sprechen. Der Fall scheint aussichtslos, bis Eddie erkennt: Der wahre Killer sitzt in der Jury ...&#xD;
»Wenn Sie dieses Jahr noch einen Thriller derselben Qualität finden, dann nur, weil sie ›THIRTEEN‹ zweimal gelesen haben.«  Mark Billingham</marc:subfield>
   </marc:datafield>
   <marc:datafield ind1=" " ind2=" " tag="020">
      <marc:subfield code="a">9783442492152</marc:subfield>
      <marc:subfield code="9">9783442492152</marc:subfield>
   </marc:datafield>
   <marc:datafield ind1=" " ind2=" " tag="020">
      <marc:subfield code="a">3442492157</marc:subfield>
      <marc:subfield code="9">3442492157</marc:subfield>
   </marc:datafield>
   <marc:datafield ind1=" " ind2=" " tag="041">
      <marc:subfield code="a">ger</marc:subfield>
   </marc:datafield>
   <marc:datafield ind1="0" ind2=" " tag="490">
      <marc:subfield code="v">Bd. 04</marc:subfield>
   </marc:datafield>
   <marc:datafield ind1=" " ind2=" " tag="338">
      <marc:subfield code="a">Band</marc:subfield>
   </marc:datafield>
   <marc:datafield ind1=" " ind2=" " tag="300">
      <marc:subfield code="a">539  Seiten</marc:subfield>
   </marc:datafield>
</marc:record>
